Posthumously Published Books by Author Quiz Stats

Quiz Updated Mar 19, 2018

Challenge
Share
Tweet
Embed
Score 0/20 Timer 06:00
9 Plays Today
% Correct
The Man with the Golden Gun
87.5%
The Girl with the Dragon Tattoo
86.2%
The Aeneid
83.7%
The Diary of a Young Girl
82.1%
What Pet Should I Get?
81%
Persuasion
75.1%
The Silmarillion
74.2%
The Mystery of Edwin Drood
73.2%
Sleeping Murder
66.6%
The Trial
65.9%
% Correct
The Love of the Last Tycoon
61.3%
A Confederacy of Dunces
55.3%
The Lighthouse at the End of the World
53.9%
The Salmon of Doubt
32%
Suite Francaise
31.9%
Juneteenth
31.8%
Armageddon in Retrospect
31.4%
Maurice
29.3%
Pirate Latitudes
27.7%
The Pale King
24.6%

You're not logged in!

Compare scores with friends on all Sporcle quizzes.
Sign Up with Email
OR
Log In

You Might Also Like...

Show Comments

Extras

Top Quizzes Today


Score Distribution

Your Account Isn't Verified!

In order to create a playlist on Sporcle, you need to verify the email address you used during registration. Go to your Sporcle Settings to finish the process.

Report this User

Report this user for behavior that violates our Community Guidelines.

Details: